Statistiques concernant Noms de pays en forme longue

Cliquez ici pour prendre le quiz!

Statistiques générales

  • Ce quiz a été pris 46 fois
  • Le résultat moyen est 6 sur 12

Statistiques - réponses

Forme courteForme longue% Correct
États-UnisÉtats-Unis d'Amérique
91%
ChineRépublique populaire de Chine
70%
EspagneRoyaume d'Espagne
68%
RussieFédération de Russie
59%
ItalieRépublique italienne
59%
AllemagneRépublique fédérale d'Allemagne
45%
Arabie SaouditeRoyaume d'Arabie Saoudite
43%
BrésilRépublique fédérative du Brésil
41%
Royaume-UniRoyaume-Uni de Grande-Bretagne et d'Irlande du Nord
41%
Afrique du SudRépublique d'Afrique du Sud
34%
AustralieCommonwealth d'Australie
30%
AlgérieRépublique algérienne démocratique et populaire
14%

Distribution des résultats

Percentile par nombre de réponses

% des personnes avec chaque résultat

Votre développement - résultats

Vous n’avez pas pris ce quiz